| 000 | 01092cam a22003377a 4500 | ||
|---|---|---|---|
| 003 | CHAP | ||
| 005 | 20220329133017.0 | ||
| 008 | 971013s1990 r 00010 d | ||
| 010 | _a1255 | ||
| 011 | _a2227 | ||
| 035 | _a1418 | ||
| 040 | _cCHAP | ||
| 090 | _aTesis | ||
| 100 | 0 | 0 |
_aDurán Maraver, Martín. _934687 |
| 245 | 0 | _aEstudio agroclimático del estado de Tlaxcala | |
| 260 |
_aChapingo, Méx. : _bEl autor, _c1990 |
||
| 300 |
_a137 h. _b: ilus. ; cuadros |
||
| 502 | _aTesis (Ing. Agrónomo Esp. en Irrigación) -- UACH. Departamento de Irrigación | ||
| 590 |
_aALEPH _b10 _c20130110 _lUCH01 _h1207 |
||
| 590 |
_aBATCH-UPD _b10 _c20130110 _lUCH01 _h0152 |
||
| 590 |
_aBATCH-UPD _b10 _c20130110 _lUCH01 _h1036 |
||
| 590 |
_aBATCH-UPD _b10 _c20130410 _lUCH01 _h0637 |
||
| 590 |
_aBATCH-UPD _b10 _c20130914 _lUCH01 _h2131 |
||
| 590 |
_aCONVERSION _b10 _c20130109 _lUCH01 _h1302 |
||
| 650 | 1 | 4 |
_aAgricultura _zTlaxcala. _91939 |
| 650 | 1 | 4 |
_aClima _zTlaxcala. _923858 |
| 650 | 1 | 4 |
_aCultivos y clima. _930392 |
| 901 | _aBK | ||
| 942 | _cTESIS | ||
| 949 |
_bBC _cTES _d-10887 _eTS1 _h23194 _i1418 _si |
||
| 999 |
_c1255 _d1255 |
||